=LDR 00000nam 2200000 4500 =001 000613 =005 20250711111130 =035 ##$$a 0010-0725000481 =007 ta =008 250711################a##########0#ind## =020 ##$$a 978-623-307-171-0 =082 ##$$a 398.209 598 =084 ##$$a 398.209 598 KHA c =100 #$$a Khairunnisaa, Karlina =245 1#$$a Ciko, Cimi, dan Rumah Pohon /$c Karlina Khairunnisaa =250 ##$$a Cetakan Kedua =260 ##$$a Jakarta Timur :$b Badan Pengembangan dan Pembinaan Bahasa,$c 2022 =300 ##$$a 24 hlm : $b ilus. ; $c 29,7 cm =650 #4$$a Literasi-Bahan Bacaan =600 #4$$a Cerita anak-Indonesia =856 ##$$a TBM AS SUHADA =990 ##$$a TBM03770377